| 000 | 00719cam a22002531 4500 | ||
|---|---|---|---|
| 001 | 1543973 | ||
| 003 | ARRUPE | ||
| 005 | 20151116150905.0 | ||
| 008 | 720121s1959 caua 000 0 eng | ||
| 010 | _a 59010215 /L/r85 | ||
| 015 | _aGB59-10887 | ||
| 035 | _a(OCoLC)ocm00523928 | ||
| 035 | _a(NNC)1543973 | ||
| 040 |
_aDLC _cDLC _dUKM _dZCU |
||
| 050 | 0 | 0 |
_aQA266 _b.S28 |
| 082 | 0 | 0 | _a512.8 |
| 100 | 1 |
_aSawyer, W. W. _q(Walter Warwick), _d1911-2008. _921122 |
|
| 245 | 1 | 2 |
_aA concrete approach to abstract algebra. _cby Sawyer, W. W. |
| 260 |
_aSan Francisco, _bW. H. Freeman, _c1959. |
||
| 300 |
_a233 p. _billus. _c19 cm. |
||
| 650 | 0 |
_aAlgebra, Abstract. _915431 |
|
| 942 |
_2lcc _cMONOGRAPH |
||
| 999 |
_c123800 _d123800 |
||